000 01044 a2200313 4500
005 20250910113612.0
008 250910b |||||||| |||| 00| 0 eng d
022 _a1991637X
041 _aEn
044 _aCIV
090 _bDG/A/1657
100 _aFONDIO, Lassina
100 _aMANLE, Tokpapon Eliane
100 _aKOUAKOU, Kouakou Romaric
100 _aN'CHO, Achi Laurent
110 _aCentre National de Recherche Agronomique
110 _bCote d'Ivoire
245 _aEvaluation of the productivity of two improved species of millet (Pennisetum glaucum (L.) R. Br.) in a context of
_bcultural updating at Ferkessedougou
260 _aAfrican Journal of Agricultural Research
260 _bCNRA
260 _aAfrican Journal of Agricultural Research
260 _cAout 2025
302 _a p.586-592
388 _a2025-09-10
650 _2AGROVOC
_gCote d'Ivoire.
650 _gPennisetum glaucum
_2AGROVOC
650 _grendement
_2AGROVOC
856 _uhttps://ftech.byethost7.com/wp-content/uploads/2025/09/DGA1657.pdf
999 _c5979
_d5979